000 00718nai a2200193Ia 4500
003 IN-BaIIA
008 211028c9999 xx s 000 0 eng d
022 _a0018-9537 (Print)
022 _a2162-1403 (Online)
040 _cIIA Library
245 0 _aIEEE Transactions on Sonics and Ultrasonics
_h[eJournal]
260 _aNew York, USA
_bThe Institute of Electrical and Electronics Engineers, Inc. (IEEE)
310 _aBimonthly
362 _a11(1); 1964 - 32(6); 1985
521 _bSubscribed through National Knowledge Resource Consortium (NKRC)
650 _aFields, Waves and Electromagnetics
856 _uhttps://ieeexplore.ieee.org/servlet/opac?punumber=10326
_yClick Here to Access eJournal
942 _cEJ
999 _c34739
_d34739